Najmniej zaludnione województwa - Statystyki

Ogólne statystyki
  • Ten quiz został rozwiązany 120 razy
  • Średni wynik to 5 z 6
Statystyki odpowiedzi
Populacja Województwo % Poprawnych
1 148 700 Podlaskie
90%
948 600 Opolskie
89%
985 500 Lubuskie
88%
1 374 700 Warmińsko-mazurskie
79%
1 187 700 Świętokrzyskie
74%
1 650 000 Zachodniopomorskie
56%
Nie znaleziono quizów pasujących do podanych kryteriów
Rozkład punktacji
Procent ludzi z każdym wynikiem
Percentyl według liczby udzielonych odpowiedzi
Twoja historia wyników
Nie rozwiązałeś tego quizu